000 01385nam a22002177a 4500
999 _c58846
_d58846
003 Ge_BSU
005 20221007121901.0
008 221007s1983 ge ||||| |||| 00| 0 geo d
041 _ageo
080 _a 128 კ-31
100 _aკასირერი, ერნსტ
_915142
245 _aრა არის ადამიანი? :
_bცდა ადამიანური კულტურის ფილოსოფიის აგებისა /
_c ერნსტ კასირერი ; გერმ. თარგმნა ლ. რამიშვილმა ; საქ. მწერალთა კავშირთან არსებული მხატვ. თარგმ. და ლიტ. ურთიერთობების მთ. სარედ. კოლეგია.
264 _aთბილისი :
_bგანათლება,
_c1983.
300 _a351 გვ. ;
_b22 სმ.
500 _aპარალელ. თავფურც. გერმ. ენაზე.
504 _aბიბლიოგრ. ტექსტის შენიშვნებში.
653 _aფილოსოფიური ანთროპოლოგია
653 _aკულტურის ფილოსოფია
700 _aრამიშვილი, ლ.
_eმთარგმნელი
_915143
942 _2udc
_cBK